000
00285nam a2200109Ia 4500
008
220216s9999 xx 000 0 und d
100
_a
Nehru C R
245
0
_a
Highlights on the diseases and pests of rubber
260
_b
Rubber Board Bulletin
_c
1982-83
300
_a
6-May
942
_c
JS
999
_c
60423
_d
60423